000 00764nam a22002537a 4500
003 UA-OsUOA
001 35355
007 ta
008 20051124b un ||||| |||| 00| 0 ukr d
100 _aЩербина О.Ю.
090 _a161:34
_bЩ64
942 _cBK
040 _aUA-OsUOA
_bukr
_cUA-OsUOA
_dUA-OsUOA
245 _aЛогіка для юристів
_bкурс лекцій
300 _a264 с.
955 _a2
041 _aukr
080 _a161:34
020 _a966-326-067-Х
260 _aК.
_bЮридична думка
_c2004
250 _nВид. 2-ге, допов. і перероб.
650 7 _a16 Логіка. Епістемологія. Теорія пізнання. Методологія логіки
_2UDC
999 _c321716
_d321716